Abraham Cowley : (Record no. 6624)
[ view plain ]
| 000 -LEADER | |
|---|---|
| fixed length control field | 01136cam a2200337 a 4500 |
| 001 - CONTROL NUMBER | |
| JCCL Control Number | 6624 |
| 003 - CONTROL NUMBER IDENTIFIER | |
| JCCL marc code | BD-JhCC |
| 005 - DATE AND TIME OF LATEST TRANSACTION | |
| control field | 20180127135118.0 |
| 008 - FIXED-LENGTH DATA ELEMENTS--GENERAL INFORMATION | |
| fixed length control field | 870401s1949 enk 000 0 eng d |
| 035 ## - SYSTEM CONTROL NUMBER | |
| system control number | (BD-JhCC) |
| 035 ## - SYSTEM CONTROL NUMBER | |
| system control number | 1038995 |
| 040 ## - CATALOGING SOURCE | |
| Original cataloging agency | ANL |
| Transcribing agency | ANL |
| Modifying agency | ANL |
| 041 ## - LANGUAGE CODE | |
| Language code of Book | eng |
| 082 04 - DEWEY DECIMAL CLASSIFICATION NUMBER | |
| Classification number | 722 |
| Author mark and Year | COW 1949 |
| 100 1# - MAIN ENTRY--PERSONAL NAME | |
| Personal name | Cowley, Abraham, |
| Dates associated with a name | 1618-1667. |
| 245 10 - TITLE STATEMENT | |
| Title | Abraham Cowley : |
| Remainder of title | poetry & prose : with Thomas Sprat's life, and observations / |
| Statement of responsibility, etc | by Dryden, Addison, Johnson and others ; with an introduction and notes by L. C. Martin. |
| 246 3# - VARYING FORM OF TITLE | |
| Title proper/short title | Poetry and prose |
| 246 3# - VARYING FORM OF TITLE | |
| Title proper/short title | Abraham Cowley : poetry & prose |
| 246 3# - VARYING FORM OF TITLE | |
| Title proper/short title | Abraham Cowley : poetry and prose |
| 246 3# - VARYING FORM OF TITLE | |
| Title proper/short title | Poetry & prose |
| 260 ## - PUBLICATION, DISTRIBUTION, ETC. (IMPRINT) | |
| Place of publication, distribution, etc | Oxford : |
| Name of publisher, distributor, etc | The Clarendon Press, |
| Date of publication, distribution, etc | 1949. |
| 300 ## - PHYSICAL DESCRIPTION | |
| Pagination | xi, 129 p. : |
| Other physical details | front. (port.) ; |
| Dimensions | 19 cm. |
| 500 ## - GENERAL NOTE | |
| General note | Printer: Charles Batey. |
| 500 ## - GENERAL NOTE | |
| General note | Library’s copy includes a typed letter addressed to Mr Nichol Smith |
| Institution to which field applies | ANL |
| 600 10 - SUBJECT ADDED ENTRY--PERSONAL NAME | |
| Personal name | Sprat, Thomas, |
| Dates associated with a name | 1635-1713. |
| 650 ## - SUBJECT ADDED ENTRY--TOPICAL TERM | |
| Topical term or geographic name as entry element | Poetry |
| 700 1# - ADDED ENTRY--PERSONAL NAME | |
| Personal name | Martin, L. C. |
| Fuller form of name | (Leonard Cyril), |
| Dates associated with a name | 1886- |
| 700 1# - ADDED ENTRY--PERSONAL NAME | |
| Personal name | Batey, Charles. |
| 942 ## - ADDED ENTRY ELEMENTS (KOHA) | |
| Source of classification or shelving scheme | Dewey Decimal Classification |
| Koha item type | Books |
| Source of classification or shelving scheme | Damaged status | Not for loan | Home library | Current library | Shelving location | Total Checkouts | Full call number | Barcode | Date last seen | Copy number | Koha item type |
|---|---|---|---|---|---|---|---|---|---|---|---|
| Dewey Decimal Classification | JCC Rouf Library | JCC Rouf Library | General Stacks | 722 COW 1949 | 9088 | 01/27/2018 | C - 1 | Books |